Notas sobre las posibilidades de reproducción de la fuerza de trabajo en Costa Rica

Enregistré dans:
Détails bibliographiques
Auteur principal: Quevedo Reyes, Santiago
Format: Texte
Publié: San José: ACAS. CSUCA
Tags: Ajouter un tag
Pas de tags, Soyez le premier à ajouter un tag!

MARC

LEADER 00000 a a2200000 04500
001 17104
003
040
090 |a 007200  
100 |a Quevedo Reyes, Santiago  
245 |a Notas sobre las posibilidades de reproducción de la fuerza de trabajo en Costa Rica  
260 |a San José:   |b ACAS. CSUCA  
300 |a 72 p.  
999 |c 13502  |d 13502